[Event "Pico City op"]
[Site "Pico City"]
[Date "1996.??.??"]
[Round "3"]
[White "Sorin, Ariel"]
[Black "Valerga, Diego"]
[Result "1/2-1/2"]
[WhiteElo "2485"]
[BlackElo "2445"]

1.d4 Nf6 2.c4 e6 3.Nf3 Bb4+ 4.Nbd2 b6 5.e3 Bb7 6.Bd3 O-O 7.O-O c5 8.a3 Bxd2
9.Bxd2 d6 10.b4 Nbd7 11.Bc3 Rc8 12.Rc1 d5 13.cxd5 Nxd5 14.Bd2 cxd4 15.Rxc8 Qxc8
16.Nxd4 Qa8 17.e4 Ne7 18.f3 Rd8 19.Be2 Nf8 20.Qa1 e5 21.Nb3 Neg6 22.Bg5 Rc8
23.Rc1 Ne6 24.Be3 Qb8 25.a4 Qd6 26.Rxc8+ Bxc8 27.Qc3 Bd7 28.a5 Ne7 29.Qd2 Qxd2
30.Nxd2 Nc6 31.axb6 axb6 32.Bb5 Nb8 33.Bf1 b5 34.Nb1  1/2-1/2

[Event "POL-chTJ"]
[Site "Poland"]
[Date "1996.??.??"]
[Round "?"]
[White "Bialy, Rafal"]
[Black "Ojrzynski, Blazej"]
[Result "1/2-1/2"]
[WhiteElo "2155"]
[BlackElo "2125"]

1.d4 Nf6 2.Nf3 e6 3.c4 Bb4+ 4.Nbd2 b6 5.a3 Bxd2+ 6.Bxd2 Bb7 7.Bg5 O-O 8.e3 d6
9.Be2 Nbd7 10.O-O Qe8 11.Nd2 Ne4 12.Nxe4 Bxe4 13.Rc1 Kh8 14.Bh4 f6 15.Bg3 e5
16.d5 Qe7 17.f3 Bg6 18.e4 f5 19.exf5 Bxf5 20.Bd3 a5 21.b4 Bxd3 22.Qxd3 axb4
23.axb4 Ra4 24.Ra1 Rfa8 25.Rxa4 Rxa4 26.Qc2 Ra8 27.Bf2 h6 28.Rc1 Nf6 29.Qd3 Nd7
30.h3 Qf8 31.Qc3 Qf7 32.Qc2 Kg8 33.Rd1 Qf8 34.Rc1 Qf7  1/2-1/2

[Event "Polanica Zdroj op"]
[Site "Polanica Zdroj"]
[Date "1996.??.??"]
[Round "4"]
[White "Orsag, Milan"]
[Black "Perdek, Miroslaw"]
[Result "1-0"]
[WhiteElo "2410"]
[BlackElo "2325"]

1.d4 Nf6 2.Nf3 e6 3.c4 Bb4+ 4.Nbd2 O-O 5.a3 Bxd2+ 6.Bxd2 Ne4 7.g3 d6 8.Bg2 Nd7
9.O-O Qe7 10.b4 f5 11.Qc2 Ndf6 12.Bc1 a5 13.bxa5 Rxa5 14.Ne1 d5 15.c5 Nd7
16.f3 Nef6 17.Bd2 Ra6 18.Nd3 c6 19.Bf4 Ne8 20.h4 Qf6 21.e3 Qd8 22.a4 Nef6
23.Bd6 Re8 24.Qd2 Nb6 25.Nb2 Nbd7 26.Qc3 Nh5 27.Kf2 Qf6 28.Nd3 Qg6 29.Bf4 Nxf4
30.exf4 Qf6 31.a5 Ra7 32.Rfb1 h6 33.Nb4 g5 34.hxg5 hxg5 35.Rh1 Qe7 36.a6 gxf4
37.gxf4 Qg7 38.Rh5 bxa6 39.Rah1 Rc7 40.Nd3 a5 41.Rh6 Qe7 42.Qxa5 Rb7 43.Rh8+  1-0

[Event "Pula op"]
[Site "Pula"]
[Date "1996.??.??"]
[Round "?"]
[White "Cebalo, Miso"]
[Black "Hulak, Krunoslav"]
[Result "1-0"]
[WhiteElo "2495"]
[BlackElo "2545"]

1.d4 Nf6 2.Nf3 e6 3.c4 Bb4+ 4.Nbd2 O-O 5.a3 Bxd2+ 6.Bxd2 b6 7.Bf4 Bb7 8.e3 d6
9.h3 Nbd7 10.Be2 a5 11.O-O Ne4 12.Nd2 Nxd2 13.Qxd2 a4 14.Rfd1 Qe7 15.Rac1 e5
16.Bh2 Bc6 17.Bf1 f5 18.Qc3 Rfe8 19.Rd2 Kh8 20.Bd3 Qf7 21.Qc2 exd4 22.exd4 Be4
23.Bxe4 fxe4 24.Re2 Nf6 25.Rce1 h6 26.Bf4 Re7 27.Bd2 d5 28.Rc1 c5 29.Be3 cxd4
30.Bxd4 Rc7 31.Qd2 Rxc4 32.Rxc4 dxc4 33.Bxb6 Re8 34.Bd4 Qg6 35.Be3 Rc8 36.Qa5 Qe8
37.Rd2 Qc6 38.Bd4 Re8 39.Qf5 Re6 40.Bxf6  1-0

[Event "CRO-ch"]
[Site "Pula"]
[Date "1996.??.??"]
[Round "?"]
[White "Cebalo, Miso"]
[Black "Kovacevic, Blazimir"]
[Result "1-0"]
[WhiteElo "2495"]
[BlackElo "2300"]

1.Nf3 Nf6 2.d4 e6 3.c4 Bb4+ 4.Nbd2 b6 5.a3 Bxd2+ 6.Bxd2 Bb7 7.g3 O-O 8.Bg2 d6
9.O-O Nbd7 10.b4 Qe7 11.Bc3 a6 12.Rc1 b5 13.d5 e5 14.Nd2 Nb6 15.Bb2 bxc4
16.e4 c6 17.Nxc4 Nxc4 18.Rxc4 cxd5 19.exd5 Rac8 20.Rh4 Rfe8 21.f4 e4 22.Re1 Nxd5
23.Bxe4 Qxe4 24.Rxe4 Rxe4 25.f5 Ne3 26.Qxd6 Nxf5 27.Qb6 Re1+ 28.Kf2 Rce8
29.Qxb7 R1e2+ 30.Kf3 Nxh4+ 31.gxh4 Rxb2 32.Qxa6 h6 33.b5 Re1 34.a4 Reb1 35.Ke4 Rb4+
36.Kd5 f5 37.Qc8+ Kh7 38.Qxf5+ Kg8 39.Kc5 R4b2 40.Kb6 Rc1 41.a5 Ra2 42.a6  1-0

[Event "Pula op"]
[Site "Pula"]
[Date "1996.??.??"]
[Round "?"]
[White "Cebalo, Miso"]
[Black "Dizdar, Goran"]
[Result "1/2-1/2"]
[WhiteElo "2495"]
[BlackElo "2525"]

1.Nf3 Nf6 2.c4 e6 3.d4 Bb4+ 4.Nbd2 O-O 5.a3 Be7 6.g3 b6 7.Bg2 Bb7 8.O-O c5
9.b3 cxd4 10.Bb2 d6 11.Nxd4 Bxg2 12.Kxg2 Qd7 13.N2f3 Nc6 14.Rc1 Rac8 15.b4 Qb7
16.Kg1 Nxd4 17.Nxd4 d5 18.cxd5 Nxd5 19.Qb3 a6 20.Rfd1 b5 21.Nf5 exf5 22.Rxc8 Qxc8
23.Rxd5 Rd8 24.Qd3 Rxd5 25.Qxd5 h5  1/2-1/2

[Event "CRO-ch"]
[Site "Pula"]
[Date "1996.??.??"]
[Round "?"]
[White "Lazovic, Gordan"]
[Black "Zelcic, Robert"]
[Result "0-1"]
[WhiteElo "2325"]
[BlackElo "2495"]

1.d4 Nf6 2.c4 e6 3.Nf3 Bb4+ 4.Nbd2 b6 5.e3 Bb7 6.Bd3 Bxd2+ 7.Nxd2 Bxg2 8.Rg1 Bb7
9.Rxg7 Qe7 10.b3 Nc6 11.Bb2 O-O-O 12.Qe2 Nb4 13.Bb1 Rhg8 14.Rg3 h5 15.a3 h4
16.Rxg8 Rxg8 17.e4 Rg1+ 18.Nf1 h3 19.Kd2 Ng4 20.axb4 Rg2 21.Kc3 Nxf2 22.Qh5 Qf6
23.Nd2 c5 24.bxc5 Qf4 25.Qh8+ Kc7 26.cxb6+ axb6 27.Bc2 Qe3+ 28.Kb4 Qxd2+
29.Bc3 Qxc2 30.d5 Nd3+ 31.Ka3 Rg8 32.Be5+ Nxe5 33.Qxg8 Qc3 34.Ka2 Nd3 35.Qg3+ d6
36.Rb1 Qa5+  0-1

[Event "Reykjavik op"]
[Site "Reykjavik"]
[Date "1996.??.??"]
[Round "9"]
[White "Bjarnason, Saevar"]
[Black "Thorarinsson, Pall A"]
[Result "1/2-1/2"]
[WhiteElo "2305"]
[BlackElo "2065"]

1.d4 Nf6 2.c4 e6 3.Nf3 Bb4+ 4.Nbd2 c5 5.g3 b6 6.a3 Bxd2+ 7.Qxd2 Bb7 8.Bg2 O-O
9.O-O d6 10.b3 Nbd7 11.Bb2 Qc7 12.Rac1 Rac8 13.Rfd1 Qb8 14.dxc5 dxc5 15.Qf4 Qxf4
16.gxf4 Rfd8 17.Rd3 Be4 18.Rd2 Nb8 19.Rcd1 Nc6 20.Ne5 Rxd2 21.Rxd2 Bxg2 22.Kxg2 Na5
23.b4 Nb7 24.b5 Rd8 25.Rxd8+ Nxd8 26.Nc6 Nb7 27.Be5 Ne8 28.Nxa7 Ned6 29.a4 Nxc4
30.Nc8 f6 31.Bc3 Kf8 32.Na7 Ke8 33.Nc6 Kd7 34.Kf3 Nd8 35.Nxd8 Kxd8 36.e4 Nd6
37.Ke3 Kc7 38.Kd3 Nb7 39.h4 Kd7 40.h5 Ke7 41.f3 Kf7 42.a5 bxa5 43.Kc4 g6
44.h6 f5 45.exf5 gxf5 46.b6 Ke7 47.Kb5 Kd7 48.Bxa5 Nxa5 49.Kxa5 c4 50.Kb4 Kc6
51.Kxc4 Kxb6 52.Kd4 Kc6 53.Ke5 Kd7 54.Kf6 Kd6 55.Kf7 Kd7 56.Kg8 Ke8 57.Kh8 Kf8
58.Kxh7 Kf7 59.Kh8 Kf8 60.h7 Kf7  1/2-1/2

[Event "Solin"]
[Site "Solin"]
[Date "1996.??.??"]
[Round "2"]
[White "Lutz, Christopher"]
[Black "Kurajica, Bojan"]
[Result "1/2-1/2"]
[WhiteElo "2555"]
[BlackElo "2505"]

1.d4 Nf6 2.c4 e6 3.Nf3 Bb4+ 4.Nbd2 O-O 5.a3 Bxd2+ 6.Bxd2 b6 7.Bg5 Bb7 8.e3 d6
9.Be2 Nbd7 10.O-O c5 11.b4 Qc7 12.Nd2 Rfe8 13.Rc1 Rac8 14.Bh4 Qb8 15.Re1 cxd4
16.exd4 e5 17.Nb3 Qa8 18.Bf1 a5 19.bxa5 bxa5 20.c5 a4 21.Nd2 exd4 22.cxd6 Rxe1
23.Rxc8+ Qxc8 24.Qxe1 Ba6 25.Bxf6 Nxf6 26.Qe5 Bxf1 27.Nxf1 Qc4 28.Qe7 Qc8
29.Qa7 Qd7 30.Qxd4 Ne8 31.Ne3 Nxd6 32.g4 Qe6 33.Qxa4 h6 34.Qd4 Ne4 35.a4 Qc6
36.a5 Ng5 37.Qd5 Qc1+ 38.Kg2 Ne6 39.Qe5 Qc6+ 40.Kg3 Ng5 41.Qb8+ Kh7 42.Qf4 Ne4+
43.Kg2 Ng5+ 44.Kg3 Ne4+ 45.Kg2 Ng5+  1/2-1/2

[Event "St Petersburg-ch"]
[Site "St Petersburg"]
[Date "1996.??.??"]
[Round "1"]
[White "Lugovoi, Aleksei"]
[Black "Loginov, Valery A"]
[Result "1/2-1/2"]
[WhiteElo "2500"]
[BlackElo "2525"]

1.d4 Nf6 2.c4 e6 3.Nf3 Bb4+ 4.Nbd2 b6 5.a3 Bxd2+ 6.Bxd2 Bb7 7.Bg5 d6 8.e3 Nbd7
9.Qc2 h6 10.Bh4 Qe7 11.Rd1 O-O 12.Bd3 c5 13.O-O Rac8 14.Nd2 cxd4 15.exd4 d5
16.Qa4 Bc6 17.Qb3 Rfe8 18.cxd5 Bxd5 19.Qa4 Bc6 20.Qb3 Bd5 21.Qa4  1/2-1/2

[Event "RUS-Cup1 Chigorin mem"]
[Site "St Petersburg"]
[Date "1996.??.??"]
[Round "1"]
[White "Burmakin, Vladimir"]
[Black "Mozaliov, SV."]
[Result "1-0"]
[WhiteElo "2505"]
[BlackElo "2300"]

1.d4 Nf6 2.Nf3 e6 3.c4 Bb4+ 4.Nbd2 O-O 5.a3 Be7 6.e4 d5 7.e5 Nfd7 8.cxd5 exd5
9.Bd3 c5 10.O-O Nc6 11.Re1 a5 12.Qc2 h6 13.Bf5 cxd4 14.Nb3 a4 15.Nbxd4 Nc5
16.Be3 Nxd4 17.Nxd4 Ne6 18.Bxe6 fxe6 19.Bxh6 Bg5 20.Bxg5 Qxg5 21.Re3 Rf4
22.Rd1 Rg4 23.g3 Rf4 24.Qe2 Rf7 25.h4 Qg6 26.Qd3 Qh5 27.Nf3 Bd7 28.Ng5 Rf5
29.Rc1 Raf8 30.Rc7 Bc8 31.f3 b6 32.Kg2 Qh6 33.Qb5 Qg6 34.Rec3 Qe8 35.Qxe8  1-0

[Event "RUS-Cup1 Chigorin mem"]
[Site "St Petersburg"]
[Date "1996.??.??"]
[Round "2"]
[White "Malaniuk, Vladimir P"]
[Black "Ivanov, Vladimir Ivanovich"]
[Result "1/2-1/2"]
[WhiteElo "2610"]
[BlackElo "2415"]

1.d4 Nf6 2.Nf3 e6 3.c4 Bb4+ 4.Nbd2 b6 5.a3 Bxd2+ 6.Bxd2 Bb7 7.Bg5 d6 8.e3 h6
9.Bh4 Nbd7 10.Nd2 Qe7 11.Be2 e5 12.Bf3 Bxf3 13.Qxf3 O-O 14.O-O e4 15.Qe2 Rfe8
16.Nb1 Qe6 17.Nc3 Qg4 18.Qxg4 Nxg4 19.Nb5 Rec8 20.Rae1 a6 21.Nc3 Ngf6 22.f3 exf3
23.gxf3 Re8 24.Kf2 b5 25.Bxf6 Nxf6 26.Nd5 Nxd5 27.cxd5 Re7 28.Rc1 f5 29.Rc3 Kf7
30.Rfc1 Ra7 31.R1c2 Kf6 32.Rc6 g5 33.Re2 g4 34.e4 Kg5 35.e5 Kf4 36.fxg4 dxe5
37.Rf6 e4 38.h3 e3+ 39.Rxe3 Rxe3 40.Rxf5+ Ke4 41.Re5+ Kxd4 42.Rxe3 Kxd5 43.Kg3 c5
44.Kh4 a5 45.Kh5 Ra6 46.h4 c4 47.g5 hxg5 48.hxg5 b4 49.g6 Ra8 50.g7 Kd4 51.Rf3 Rg8
52.Kg6 c3 53.axb4  1/2-1/2

[Event "Petrov mem"]
[Site "St Petersburg"]
[Date "1996.??.??"]
[Round "4"]
[White "Shchukin, Dmitry"]
[Black "Ivanov, VI."]
[Result "0-1"]
[WhiteElo "2320"]
[BlackElo "2460"]

1.d4 e6 2.c4 Nf6 3.Nf3 Bb4+ 4.Nbd2 b6 5.a3 Bxd2+ 6.Bxd2 Bb7 7.g3 O-O 8.Bg2 d6
9.O-O Nbd7 10.b4 Qe7 11.Qb3 Be4 12.Rfd1 Rfe8 13.b5 a5 14.a4 h6 15.Bc1 e5
16.e3 Qe6 17.Bb2 Qg4 18.Nd2 Bxg2 19.Kxg2 e4 20.Rf1 Nh7 21.Qd1 Qe6 22.h4 Nhf6
23.d5 Qf5 24.f4 exf3+ 25.Rxf3 Qg6 26.Qb1 Ne4 27.Nxe4 Rxe4 28.Bd4 Rae8 29.Qf1 Rxh4
30.Qf2 Ne5 31.Bxe5 Rxe5 32.Rf1 Reh5  0-1

[Event "Petrov mem"]
[Site "St Petersburg"]
[Date "1996.??.??"]
[Round "5"]
[White "Yuferov, Sergey  N"]
[Black "Aleksandrov, Aleksej"]
[Result "1/2-1/2"]
[WhiteElo "2440"]
[BlackElo "2535"]

1.d4 Nf6 2.c4 e6 3.Nf3 Bb4+ 4.Nbd2 O-O 5.e3 b6 6.Be2 Bb7 7.O-O c5 8.a3 Bxd2
9.Qxd2 cxd4 10.Nxd4 Nc6 11.f3 Rc8 12.Nxc6 dxc6 13.Qc3 c5 14.b4 Qe7 15.Bb2 Rfd8
16.Rfd1 Ne8 17.e4 f6 18.e5 f5 19.Qb3 Bc6 20.b5 Bb7 21.a4 Rxd1+ 22.Rxd1 Rd8
23.a5 Rd7 24.a6 Ba8 25.Qe3 Qh4 26.Qc1 Qd8 27.Rxd7 Qxd7 28.Bc3 h6 29.Qd2 Qxd2
30.Bxd2 Kh7 31.h4 g6 32.Kf2 Ng7 33.Bd3 Ne8 34.g4 Kg7 35.h5 Kh7 36.hxg6+ Kxg6
37.Kg3 Ng7 38.Bf4 h5 39.gxf5+ Nxf5+ 40.Kf2 h4 41.Bc2 Kf7 42.Bg5 h3 43.Bf4 Nd4
44.Bd1 Kg6 45.Bh2 Nf5 46.Bc2 Kg5 47.Bd1 Kh5 48.Be2 Nd4 49.Bf1 Bxf3 50.Bxh3 Ba8
51.Ke3 Kg6 52.Bf4 Kf7 53.Bg5 Ke8 54.Bf1 Nf5+ 55.Kf4 Kd7 56.Bf6 Nd4 57.Bd3 Bf3
58.Ke3 Bg2 59.Kf2 Bh1 60.Bg7 Ba8 61.Bf8 Nf5 62.Ke2 Nd4+ 63.Ke3 Bg2 64.Kf2 Bf3
65.Bd6 Kc8 66.Ke3 Kd7 67.Kd2 Bg2 68.Ke3 Nf5+ 69.Bxf5 exf5 70.Bb8 Bf1 71.e6+ Kxe6
72.Bxa7 Bxc4  1/2-1/2

[Event "Petrov mem"]
[Site "St Petersburg"]
[Date "1996.??.??"]
[Round "7"]
[White "Nepomnishay, Mikhail I"]
[Black "Savon, Vladimir A"]
[Result "1-0"]
[WhiteElo "2470"]
[BlackElo "2435"]

1.d4 Nf6 2.c4 e6 3.Nf3 Bb4+ 4.Nbd2 d6 5.g3 Nbd7 6.Bg2 e5 7.O-O exd4 8.Nb3 a5
9.Nfxd4 a4 10.Nc2 axb3 11.Nxb4 c5 12.Nd3 bxa2 13.Bf4 Qb6 14.Qc2 O-O 15.b3 Re8
16.Nc1 Ne5 17.Rd1 Bd7 18.Rxa2 h6 19.Rxa8 Rxa8 20.Qd2 Ra6 21.Bxe5 dxe5 22.Qe3 Bf5
23.Qxe5 Bc2 24.Rf1 Ra8 25.Qc3 Be4 26.f3 Bc6 27.Rd1 Nd7 28.Rd2 Nf8 29.Bh3 Re8
30.e4 Qc7 31.Nd3 Bd7 32.Bxd7 Nxd7 33.Nf4 Ne5 34.Nd5 Qd8 35.Kg2 Nc6 36.Ne3 Qc7
37.Nf5 f6 38.Rd5 b6 39.Qd2 Ne5 40.f4 Ng6 41.Rd7  1-0

[Event "St Petersburg-ch"]
[Site "St Petersburg"]
[Date "1996.??.??"]
[Round "7"]
[White "Aseev, Konstantin N"]
[Black "Loginov, Valery A"]
[Result "0-1"]
[WhiteElo "2560"]
[BlackElo "2525"]

1.d4 Nf6 2.c4 e6 3.Nf3 Bb4+ 4.Nbd2 b6 5.a3 Bxd2+ 6.Bxd2 Bb7 7.Bg5 d6 8.e3 Nbd7
9.Qc2 h6 10.Bh4 Qe7 11.Rd1 O-O 12.d5 e5 13.Be2 a5 14.b3 Rfe8 15.Nd2 c6 16.e4 cxd5
17.cxd5 Rec8 18.Qb1 Nf8 19.Nc4 Ng6 20.Bxf6 Qxf6 21.Nxb6 Nf4 22.Bf1 Ba6 23.h4 Be2
24.Rd2 Qg6 25.Bxe2 Qxg2 26.Rf1 g5 27.hxg5 h5 28.Nxa8 Rxa8 29.Rc2 Qh3 30.Qc1 Qxb3
31.Rc3 Qa4 32.Qc2 Qd7 33.Rh1 h4 34.Kf1 h3 35.Qd1 Rb8 36.Bg4 Qxg4  0-1

[Event "St Petersburg-ch"]
[Site "St Petersburg"]
[Date "1996.??.??"]
[Round "8"]
[White "Nepomnishay, Mikhail I"]
[Black "Loginov, Valery A"]
[Result "0-1"]
[WhiteElo "2480"]
[BlackElo "2525"]

1.d4 Nf6 2.c4 e6 3.Nf3 Bb4+ 4.Nbd2 b6 5.a3 Bxd2+ 6.Qxd2 Bb7 7.e3 d6 8.Be2 Nbd7
9.O-O O-O 10.b4 c5 11.Bb2 Qe7 12.dxc5 bxc5 13.bxc5 Nxc5 14.Bxf6 gxf6 15.Nd4 Kh8
16.f3 Rg8 17.Rab1 Rg5 18.Rf2 Rd8 19.Bf1 Ba8 20.e4 Nd7 21.Nb5 Nc5 22.Nc3 Bc6
23.Re2 a6 24.f4 Rg4 25.g3 Rgg8 26.Bg2 Rb8 27.Rd1 Rgd8 28.Nd5 Bxd5 29.exd5 e5
30.fxe5 fxe5 31.Bh3 Rg8 32.Rf1 Qh4 33.Bf5 Nb3 34.Qe3 Nd4 35.Rg2 Nxf5 36.Rxf5 Rb1+
37.Rf1 Rxf1+ 38.Kxf1 Qxc4+ 39.Re2 Qxd5 40.Qh6 Rg6 41.Qf8+ Rg8 42.Qh6 Rb8
43.Qf6+ Kg8 44.Qg5+ Kf8 45.Qh6+ Ke8 46.Qxh7 Rb1+ 47.Kf2 Qd4+ 48.Kf3 Rb3+
49.Kg2 Qd5+ 50.Kh3 Rxa3 51.Qc2 Qe6+ 52.Kg2 Qd5+ 53.Kh3 Qe6+ 54.Kg2 Kf8 55.Qc7 Qd5+
56.Kh3 Qe6+ 57.Kg2 Kg7 58.Qd8 Qd5+ 59.Kh3 Qe6+ 60.Kg2 Rc3 61.Rd2 Rc6 62.Qa8 Qc4
63.Qd8 Qe4+ 64.Kh3 d5  0-1

[Event "RUS-Cup1 Chigorin mem"]
[Site "St Petersburg"]
[Date "1996.??.??"]
[Round "9"]
[White "Nenashev, Alexander"]
[Black "Kholmov, Ratmir D"]
[Result "1-0"]
[WhiteElo "2580"]
[BlackElo "2435"]

1.d4 Nf6 2.c4 e6 3.Nf3 Bb4+ 4.Nbd2 O-O 5.e3 b6 6.Bd3 Bb7 7.O-O d5 8.b3 Nbd7
9.Bb2 Ne4 10.Rc1 f5 11.Qc2 Rc8 12.a3 Bd6 13.b4 c6 14.Qb3  1-0

[Event "St Petersburg-ch"]
[Site "St Petersburg"]
[Date "1996.??.??"]
[Round "10"]
[White "Nepomnishay, Mikhail I"]
[Black "Taimanov, Mark E"]
[Result "1-0"]
[WhiteElo "2480"]
[BlackElo "2470"]

1.d4 Nf6 2.c4 e6 3.Nf3 Bb4+ 4.Nbd2 d5 5.Qa4+ Nc6 6.e3 Bd7 7.Qc2 O-O 8.a3 Be7
9.Bd3 a5 10.b3 Na7 11.O-O a4 12.b4 dxc4 13.Nxc4 Bb5 14.e4 g6 15.Bb2 Nh5 16.Rfe1 Bf6
17.Rad1 Bg7 18.Ne3 c6 19.d5 Bxd3 20.Rxd3 cxd5 21.Bxg7 Kxg7 22.exd5 Nf4 23.Rdd1 Nxd5
24.Nxd5 exd5 25.Qxa4 Nc6 26.Qb3 Ne7 27.Qb2+ Kg8 28.h4 Qd6 29.Ng5 Qc7 30.h5 h6
31.Qf6 hxg5 32.Rxe7 Qf4 33.Qb2 gxh5 34.Rxb7 Rfe8 35.Rd7 Rad8 36.Rxd8 Rxd8
37.Qd4 Qf5 38.Re1 h4 39.Re5 Qf6 40.Qe3 d4 41.Qxg5+ Qxg5 42.Rxg5+ Kf8 43.Kf1 Ra8
44.Ra5 Rc8 45.Rc5 Ra8 46.Rd5 Rxa3 47.Rxd4 h3 48.gxh3 Rxh3 49.Ke2 Ke7 50.Rd3 Rh4
51.Rb3 Kd6 52.b5 Kc7 53.Rf3 Kb6 54.Rxf7 Kxb5 55.Rc7 Re4+ 56.Kd3 Re8 57.f4 Kb6
58.Rc1 Rd8+ 59.Ke4 Re8+ 60.Kd5 Rf8 61.Ke5 Re8+ 62.Kd6 Rf8 63.Rb1+ Ka7 64.Rb4 Ka6
65.Ke7 Rf5 66.Ke6  1-0

[Event "Star Dojran"]
[Site "Star Dojran"]
[Date "1996.??.??"]
[Round "3"]
[White "Chatalbashev, Boris"]
[Black "Drasko, Milan"]
[Result "1-0"]
[WhiteElo "2455"]
[BlackElo "2505"]

1.d4 Nf6 2.Nf3 e6 3.c4 Bb4+ 4.Nbd2 b6 5.a3 Bxd2+ 6.Qxd2 Bb7 7.e3 O-O 8.Be2 d6
9.O-O Nbd7 10.b3 Ne4 11.Qc2 f5 12.Bb2 c5 13.Ne1 Qe7 14.f3 Ng5 15.Nd3 Rae8
16.Nf2 f4 17.exf4 Rxf4 18.Rad1 Rh4 19.dxc5 bxc5 20.Qd2 d5 21.f4 Qd6 22.Ng4 Ne4
23.Qe1 Rh5 24.Bf3 Qxf4 25.Bxe4 Qxg4 26.cxd5 Rh6 27.Bf5 Qg5 28.Rd3 Nf6 29.Bxe6+ Kh8
30.Bc1  1-0

[Event "Tel Aviv ASA"]
[Site "Tel Aviv"]
[Date "1996.??.??"]
[Round "7"]
[White "Lev, Ronen"]
[Black "Zoler, Dan"]
[Result "1-0"]
[WhiteElo "2465"]
[BlackElo "2460"]

1.d4 Nf6 2.Nf3 e6 3.c4 Bb4+ 4.Nbd2 b6 5.a3 Bxd2+ 6.Bxd2 Bb7 7.Bg5 h6 8.Bh4 d6
9.e3 Nbd7 10.Nd2 Qe7 11.f3 e5 12.d5 a5 13.b3 Nf8 14.Bd3 Ng6 15.Bf2 O-O 16.Qc2 Qe8
17.h4 c6 18.dxc6 Bxc6 19.h5 Ne7 20.Bh4 Nd7 21.Ne4 Nf5 22.Nf6+ Nxf6 23.Bxf5 Bd7
24.Bxf6 gxf6 25.Rd1 Rd8 26.Kf2 Bxf5 27.Qxf5 Qe6 28.Qg4+ Qxg4 29.fxg4 Rfe8
30.Kg3 Kf8 31.Rhf1 Re6 32.Rd5 Rc8 33.a4 Ke7 34.Rb5 Rc6 35.Kf3 Kd7 36.Ke4 Kc7
37.g5 hxg5 38.h6 Kb7 39.Rh1 Rc8 40.h7 Rh8 41.Kf5 e4 42.Rd5 Kc6 43.Rh6 Kd7
44.Rd4  1-0

[Event "CRO-chT"]
[Site "Tucepi"]
[Date "1996.??.??"]
[Round "?"]
[White "Cebalo, Miso"]
[Black "Kurajica, Bojan"]
[Result "1-0"]
[WhiteElo "2495"]
[BlackElo "2505"]

1.d4 Nf6 2.Nf3 e6 3.c4 Bb4+ 4.Nbd2 O-O 5.a3 Bxd2+ 6.Bxd2 b6 7.Bf4 Bb7 8.e3 d6
9.Be2 Nbd7 10.h3 Ne4 11.O-O f5 12.Nd2 e5 13.dxe5 dxe5 14.Bh2 Ng5 15.f3 Qe7
16.b4 c5 17.Qb3 Rf6 18.Rad1 Rg6 19.Kh1 Nf7 20.Nb1 e4 21.f4 cxb4 22.axb4 a5
23.Nc3 axb4 24.Nd5 Qc5 25.Nxb4 Qe7 26.Nd5 Qd8 27.Ra1 Nc5 28.Qc3 Rd6 29.Bg3 Nd3
30.Qb3 Rc8 31.Rfb1 Bxd5 32.cxd5 Rc5 33.Bxd3 exd3 34.Qxd3 Rcxd5 35.Qc2 Rc5
36.Qb3 h6 37.Be1 Rc7 38.Rd1 Qf6 39.Rxd6 Qxd6 40.Rd1 Qc6 41.Kh2 Kh7 42.Rd5 Qe6
43.Qd3 Rc5 44.Rd4 Kg8 45.Bb4 Rc8 46.Rd5 Re8 47.Bd2 Qe4 48.Qb5 Qe6 49.Qd3 Qe4
50.Qxe4 Rxe4 51.Kg3 g6 52.Kf3 Rc4 53.g4 Rc8 54.Rd7 Rc4 55.Ke2 h5 56.gxf5 gxf5
57.Kd3 Rc6 58.Bb4 Kg7 59.Bc3+ Kg6 60.Bd4 Rc1 61.Rb7 Rd1+ 62.Ke2 Rh1 63.Rxb6+ Kh7
64.Rb7 Kg6 65.e4 fxe4 66.f5+ Kxf5 67.Rxf7+ Ke6 68.Rf4 Kd5 69.Be3 Rxh3 70.Rf7 Ke6
71.Rh7 h4 72.Bf2 Kf5 73.Rh5+ Kg6 74.Re5 Rh1 75.Rxe4 Kf5 76.Ra4 h3 77.Kf3 h2
78.Rh4 Kg5 79.Rh8 Kf5 80.Kg2 Rb1 81.Rxh2 Kf4 82.Rh4+ Kg5 83.Re4 Rb3 84.Be3+ Kf5
85.Kf3 Ra3 86.Rb4 Ra1 87.Rh4 Rb1 88.Bf4 Re1 89.Rh5+ Ke6 90.Rh6+ Kf5 91.Rh5+ Kg6
92.Ra5 Kf6 93.Be3 Ke6 94.Ke4 Re2 95.Ra6+ Kf7 96.Kf4 Re1 97.Bd4 Re6 98.Ra1 Rd6
99.Be5 Rd7 100.Kf5 Rb7 101.Rg1 Rd7 102.Rh1 Ke7 103.Rh6 Kf7 104.Rg6 Ke7 105.Rg8 Kf7
106.Rc8  1-0

[Event "CRO-chT"]
[Site "Tucepi"]
[Date "1996.??.??"]
[Round "?"]
[White "Kovacevic, Blazimir"]
[Black "Sindik, Ervin"]
[Result "1/2-1/2"]
[WhiteElo "2300"]
[BlackElo "2325"]

1.d4 Nf6 2.Nf3 e6 3.c4 Bb4+ 4.Nbd2 d5 5.Qa4+ Nc6 6.a3 Bxd2+ 7.Bxd2 Ne4 8.Rd1 O-O
9.e3 Ne7 10.Bd3 Ng6 11.O-O b6 12.b4 Bb7 13.Qc2 f5 14.Ne5 Nxe5 15.dxe5 Rf7
16.f3  1/2-1/2

[Event "CRO-chT"]
[Site "Tucepi"]
[Date "1996.??.??"]
[Round "?"]
[White "Misanovic, Vesna"]
[Black "Gladisheva, Tatjana"]
[Result "1/2-1/2"]
[WhiteElo "2375"]
[BlackElo "2115"]

1.d4 Nf6 2.c4 e6 3.Nf3 Bb4+ 4.Nbd2 b6 5.a3 Bxd2+ 6.Bxd2 Bb7 7.Bg5 h6 8.Bh4 d6
9.e3 Nbd7 10.Rc1 O-O 11.Nd2 e5 12.d5 Qe8 13.Bd3 e4 14.Bb1 Qe5 15.Rc3 Rfe8
16.f4 exf3 17.Qxf3 Qh5 18.Qxh5 Nxh5 19.O-O Ne5 20.h3 g5 21.Be1 g4 22.Rf5 Ng7
23.Rf6 h5 24.h4 Re7 25.Bg3 Nd7 26.Rh6 f5 27.Bf4 Rf8 28.Bg5 Ref7 29.Nf1 Bc8
30.Ng3 Nf6 31.Rc1 Nh7 32.Bf4 Rf6 33.Rf1 Bd7 34.Bg5 Nxg5 35.hxg5 R6f7 36.Nxh5 Nxh5
37.Rxh5 Kg7 38.Rh6 Re7 39.Kf2 Rh8 40.Rfh1 Rxh6 41.Rxh6 Re5 42.Rf6 a5 43.Bd3 Bc8
44.b4 axb4 45.axb4 Bd7 46.b5 Bc8 47.Rh6 Re7 48.Bc2 Re5 49.Rf6 Bd7 50.g3 Bc8
51.Ke2 Bd7 52.Kd2 Be8 53.Kd3 Re4 54.Bd1 Bd7 55.Be2 Bc8 56.Bf1 Re5 57.Bg2 Bd7
58.Kd4 Be8 59.Rh6 Bd7 60.Rh1 Kg6 61.Rh8 Re7 62.Rg8+ Kf7 63.Ra8 Kg6 64.Ra7 Be8
65.e4 fxe4 66.Bxe4+ Kxg5 67.Kd3 Kf6 68.Ra1 Kg5 69.Rf1 Rf7 70.Rh1 Bd7 71.Kd4 Re7
72.Rh8 Rf7 73.Rg8+ Kf6 74.Bd3 Bf5 75.Be4 Bd7 76.Ke3 Ke7 77.Rh8 Rf6 78.Rh7+ Kd8
79.Rh1 Ke7 80.Ra1 Rf7 81.Bg2 Rf6 82.Rf1 Kf7 83.Rf4 Ke7 84.Be4 Bc8 85.Bd3 Bd7  1/2-1/2

[Event "Velden op"]
[Site "Velden"]
[Date "1996.??.??"]
[Round "7"]
[White "Eingorn, Vereslav S"]
[Black "Wahls, Matthias"]
[Result "1/2-1/2"]
[WhiteElo "2585"]
[BlackElo "2540"]

1.d4 Nf6 2.Nf3 e6 3.c4 Bb4+ 4.Nbd2 O-O 5.a3 Be7 6.Qc2 c5 7.dxc5 Bxc5 8.e3 b6
9.Bd3 Bb7 10.O-O Be7 11.Ne4 Nxe4  1/2-1/2

[Event "Vendrell op"]
[Site "Vendrell"]
[Date "1996.??.??"]
[Round "1"]
[White "San Segundo, Pablo"]
[Black "Villavicencio, Adalberto"]
[Result "1-0"]
[WhiteElo "2535"]
[BlackElo "2280"]

1.Nf3 Nf6 2.c4 e6 3.d4 Bb4+ 4.Nbd2 O-O 5.a3 Bxd2+ 6.Bxd2 Ne4 7.g3 d6 8.Bg2 Qe7
9.O-O e5 10.Be3 exd4 11.Nxd4 Nc6 12.Rc1 Re8 13.b4 Bd7 14.Nb3 Bf5 15.Qd5 Bg6
16.b5 Nd8 17.c5 c6 18.bxc6 bxc6 19.cxd6 Nxd6 20.Qd2 Ne4 21.Qa5 Rb8 22.Qa4 h6
23.Rfe1 Rb5 24.Nd4 Rb2 25.Nxc6 Nxc6 26.Rxc6 Reb8 27.Rxg6 Rb1 28.Bc1 Nc3 29.Qc2 fxg6
30.Qxc3 Kh7  1-0

[Event "Vendrell op"]
[Site "Vendrell"]
[Date "1996.??.??"]
[Round "6"]
[White "Villavicencio, Adalberto"]
[Black "Oms Pallise, Josep"]
[Result "1-0"]
[WhiteElo "2280"]
[BlackElo "2375"]

1.d4 Nf6 2.Nf3 e6 3.c4 Bb4+ 4.Nbd2 b6 5.g3 Bb7 6.Bg2 O-O 7.O-O d5 8.Qc2 Nbd7
9.Rd1 Rc8 10.cxd5 exd5 11.Nf1 Bd6 12.Ne3 g6 13.Bh3 Re8 14.Qa4 a6 15.b4 Qe7
16.a3 Rcd8 17.Qb3 Ne4 18.Bb2 c6 19.Rac1 f5 20.Rc2 Kh8 21.Rdc1 Rc8 22.Bg2 Rf8
23.Nd2 Ndf6 24.Nxe4 Nxe4 25.Nf1 Bb8 26.Re1 Nd6 27.Nd2 b5 28.Nf3 Nc4 29.Bc1 Kg7
30.Bg5 Qe6 31.e3 h6 32.Bf4 g5 33.Bxb8 Rxb8 34.Qc3 Rbe8 35.Bf1 Nd6 36.Ne5 Ne4
37.Qb2 f4 38.exf4 gxf4 39.Bg2 Nd6 40.Rce2 Qf6 41.Nd7 Rxe2 42.Qxe2 f3 43.Qd1  1-0

[Event "Vienna op-B"]
[Site "Vienna"]
[Date "1996.??.??"]
[Round "9"]
[White "Linauskas, Dainius"]
[Black "Franic, Milan"]
[Result "1/2-1/2"]
[WhiteElo "2300"]
[BlackElo "2390"]

1.d4 Nf6 2.c4 e6 3.Nf3 Bb4+ 4.Nbd2 b6 5.a3 Bxd2+ 6.Bxd2 Bb7 7.Bg5 d6 8.e3 h6
9.Bh4 Nbd7 10.Be2 Qe7 11.O-O a5 12.Nd2 e5 13.dxe5 dxe5 14.f3 a4 15.Qc2 Nc5
16.Rad1 O-O 17.Qf5 Rfd8 18.Bxf6 Qxf6 19.Qxf6 gxf6 20.Nb1 f5 21.Nc3 Bc6 22.Rxd8+ Rxd8
23.Rd1 Rxd1+ 24.Bxd1 Kg7 25.Bc2 Kf6 26.Kf2 f4 27.g3 fxe3+ 28.Kxe3 Ke6 29.f4 Kd6
30.fxe5+ Kxe5 31.Bd1 Bd7 32.Bc2 Bc6 33.Bd1 Bd7 34.Bc2 Bc6  1/2-1/2

[Event "JUG-ch (Women) 1"]
[Site "Vrnjacka Banja"]
[Date "1996.??.??"]
[Round "?"]
[White "Peng, Zhaoqin"]
[Black "Prudnikova, Svetlana"]
[Result "1/2-1/2"]
[WhiteElo "2410"]
[BlackElo "2385"]

1.d4 Nf6 2.c4 e6 3.Nf3 Bb4+ 4.Nbd2 b6 5.a3 Bxd2+ 6.Qxd2 Bb7 7.e3 O-O 8.Be2 Ne4
9.Qd3 d5 10.b3 Nd7 11.Bb2 a5 12.O-O f5 13.Rac1 c6 14.Ne5 Nxe5 15.dxe5 c5
16.f3 Ng5 17.Qc2 Qe7 18.Bd3 Rfd8 19.Rcd1 h6 20.Bc3 Rd7 21.cxd5 Bxd5 22.Bb5 Rdd8
23.Rd2 Nf7 24.Rfd1 Qb7 25.Bb2 Rac8 26.a4 Kh8 27.Rd3 Kg8 28.R1d2 Kh8 29.Qc3 Kg8
30.Rd1 Kh8 31.R1d2 Kg8 32.Qc2 Kh8 33.Qc3 Kg8 34.Qc2  1/2-1/2

[Event "Werfen op-A"]
[Site "Werfen"]
[Date "1996.??.??"]
[Round "8"]
[White "Burmakin, Vladimir"]
[Black "Traudes, Wolfgang"]
[Result "1-0"]
[WhiteElo "2505"]
[BlackElo "2220"]

1.d4 Nf6 2.Nf3 e6 3.c4 Bb4+ 4.Nbd2 b6 5.a3 Bxd2+ 6.Bxd2 Bb7 7.Bf4 d6 8.e3 Nbd7
9.b4 Qe7 10.Bg3 Ne4 11.Bd3 Nxg3 12.hxg3 e5 13.Bf5 exd4 14.Qxd4 Ne5 15.e4 g6
16.Bh3 f5 17.O-O Qf6 18.Nd2 fxe4 19.Rad1 O-O 20.Nxe4 Bxe4 21.Qxe4 Rae8 22.Rde1 c5
23.f4 Nf7 24.Qxe8 Rxe8 25.Rxe8+ Kg7 26.Rfe1 Kh6 27.R1e7 cxb4 28.axb4 d5 29.Rd7  1-0